000
00270nam a2200097Ia 4500
008
230907s9999||||xx |||||||||||||| ||und||
082
_a
620.00151
_b
GAR
245
0
_a
Engineering Mathematics Vol I /
260
_a
Dorling Kindesley, | Pearson Education,
_c
2015
942
_c
BK
999
_c
599036
_d
599036